Pixar Movies - Sudden Death - Statistics

General Stats
  • This quiz has been taken 559 times
  • The average score is 7 of 13
Answers on the Grid
Answers color-coded by a green-red scale on the quiz's grid according to % correct below.
Luca
The Incredibles
The Polar Express
The Aristocats
Soul
The Good Dinosaur
The Lego Movie
Peter Pan
Ratatouille
Atlantis
Anastasia
Bolt
Monsters, Inc.
Mulan
Elemental
Up
Ice Age
Big Hero 6
The Little Mermaid
Cars
Encanto
Kung Fu Panda
Aladdin
Brave
Zootopia
Lilo and Stitch
The Lion King
Wall-E
Coco
Onward
 
Answer Stats
Answer % Correct
The Incredibles
83%
Luca
80%
Soul
72%
Ratatouille
70%
The Good Dinosaur
59%
Monsters, Inc.
57%
Up
52%
Wall-E
45%
Cars
44%
Coco
43%
Elemental
43%
Onward
38%
Brave
37%
No matching quizzes found
Score Distribution
Percent of People with Each Score
Percentile by Number Answered
Your Score History
You have not taken this quiz